00000000nam##2200000za#4500
0019.588195
003CaOODSP
00520210929082754
007cr |||||||||||
008150406|2008||||xxc|||||o    f|0| 0 eng|d
040 |aCaOODSP|beng
041 |aeng
041 |afre
043 |an-cn---
0861 |aFo123-3/3-2008-PDF
1101 |aCanada. |bNatural Resources Canada. |bCanadian Forest Service.
24510|aHelp to evaluate impacts of climate change on North American forests|h[electronic resource]|c[issued by the] Great Lakes Forestry Centre.
260 |aSault Ste. Marie - Ontario : |bNatural Resources Canada. |cc2008.
300 |a8p.|bcoloured map, references, photographs
4901 |aFrontline, policy perspectives|vNote 3
590 |a12-39-Supp|b2012-10-11
69007|aClimate change|2gcpds
792 |tLes modèles climatiques aident à évaluer les impacts de l'évolution du climat sur les forêts de l'Amérique du Nord|efre|w(CaOODSP)9.588196
830#0|aFrontline, policy perspectives ;|vNote 3|w(CaOODSP)9.500667
85640|ahttp://publications.gc.ca|qPDF|s4.89 MB|uhttps://publications.gc.ca/collections/collection_2012/rncan-nrcan/Fo123-3-3-2008.pdf|yNote 3